Coldest Countries - Statistics

General Stats
  • This quiz has been taken 17 times
  • The average score is 12 of 14
Answer Stats
Answer % Correct
Canada
100%
Denmark
100%
Finland
100%
Iceland
100%
Russia
100%
Sweden
100%
United States Of America
92%
Estonia
85%
Latvia
85%
Mongolia
85%
Norway
85%
Kazakhstan
77%
Kyrgyzstan
62%
Tajikistan
38%
No matching quizzes found
Score Distribution
Percent of People with Each Score
Percentile by Number Answered
Your Score History
You have not taken this quiz